Report on the geology of north-eastern Alabama, (Record no. 24227)

MARC details
000 -LEADER
fixed length control field 00876cam a22002411 4500
001 - CONTROL NUMBER
control field gs 05000390
003 - CONTROL NUMBER IDENTIFIER
control field DLC
005 - DATE AND TIME OF LATEST TRANSACTION
control field 20260227111301.0
008 - FIXED-LENGTH DATA ELEMENTS--GENERAL INFORMATION
fixed length control field 780309s1892 xx 000 0 eng c
010 ## - LIBRARY OF CONGRESS CONTROL NUMBER
LC control number gs 05000390
035 ## - SYSTEM CONTROL NUMBER
System control number (OCoLC)3700641
040 ## - CATALOGING SOURCE
Original cataloging agency Library, U.S. Geological Survey
Transcribing agency OT
Modifying agency DLC
050 00 - LIBRARY OF CONGRESS CALL NUMBER
Classification number QE81
Item number .A15 no. 4
051 ## - LIBRARY OF CONGRESS COPY, ISSUE, OFFPRINT STATEMENT
Classification number QE81
Item number .H42
100 1# - MAIN ENTRY--PERSONAL NAME
Personal name Hayes, C. W.
Fuller form of name (Charles Willard),
Dates associated with a name 1859-1916.
245 00 - TITLE STATEMENT
Title Report on the geology of north-eastern Alabama,
Remainder of title and adjacent portions of Georgia and Tennessee.
Statement of responsibility, etc. By C. Willard Hayes.
260 ## - PUBLICATION, DISTRIBUTION, ETC.
Place of publication, distribution, etc. Montgomery,
Name of publisher, distributor, etc. Smith, Allred & co., state printers and binders,
Date of publication, distribution, etc. 1892.
300 ## - PHYSICAL DESCRIPTION
Extent 85, [1] p.
Other physical details illus., pl., fold., col. map.
Dimensions 23 cm.
490 0# - SERIES STATEMENT
Series statement Alabama. Geological survey, 1873- Bulletin
Volume/sequential designation no. 4
650 #0 - SUBJECT ADDED ENTRY--TOPICAL TERM
Topical term or geographic name entry element Geology
Geographic subdivision Alabama.
650 #0 - SUBJECT ADDED ENTRY--TOPICAL TERM
Topical term or geographic name entry element Geology
Geographic subdivision Georgia.
650 #0 - SUBJECT ADDED ENTRY--TOPICAL TERM
Topical term or geographic name entry element Geology
Geographic subdivision Tennessee.

No items available.

Powered by Koha